000 00655nam a2200229 4500
001 143542
003 ES-MaACL
005 20250808022131.0
007 t|
008 070214s1966 sp r ||||1| spa d
080 _a940.42(04)
100 1 _aSerant, Paul.
_9105522
245 1 3 _aEl destino de los vencidos /
_cPaul Serant ; versión de A.LL.D.
250 _a1ª ed.
260 _aBarcelona :
_bLuis de Caralt,
_c1966.
300 _a393 p. :
_bil. ;
_c20 cm.
490 1 _aLa vida vivida
650 4 _aGuerra mundial, 1939-1945.
_913228
830 1 3 _aLa vida vivida
_9180877
852 4 _aES-MaACL
_jC-30004
999 _c143542
_d143542